| 000 | 00826ngm a2200229 4500 | ||
|---|---|---|---|
| 008 | s2004 fr fre u | ||
| 020 | _a9782866261955 | ||
| 040 | _aLB-BrCRDP | ||
| 082 | 1 |
_a371.335 _bFrançais |
|
| 100 | 1 | _aFriot, Bernard | |
| 245 | 1 | 0 |
_aCD ... Histoires pressées _cBernard Friot |
| 260 |
_aParis _bCRDP Languedoc - Roussillon _c2004 |
||
| 300 | _c19 cm | ||
| 490 | 0 | _aA voix Hautes | |
| 500 | _aLivret documentaire, sommaire. | ||
| 520 | _aTrente histoires lues et à lire... Vingt neuf sont lues, la trentième vous est donnée à lire, pour la donner à votre tour , en lecture partagée, en lecture à haute voix. | ||
| 650 | 4 | _aEcriture et lecture | |
| 650 | 4 | _aLittérature enfantine | |
| 650 | 4 | _aEcole primaire | |
| 942 | _cVM | ||
| 999 |
_c3880 _d3880 |
||